UCSC Library OPAC

Cluster dissection and analysis : theory FORTRAN programs, examples (Record no. 26158)

MARC details
000 -LEADER
fixed length control field 00522nam a2200193Ia 4500
008 - FIXED-LENGTH DATA ELEMENTS--GENERAL INFORMATION
fixed length control field 240510s9999 xx 000 0 und d
020 ## - INTERNATIONAL STANDARD BOOK NUMBER
International Standard Book Number 0000853127360
041 ## - LANGUAGE CODE
Language code of text/sound track or separate title English
082 ## - DEWEY DECIMAL CLASSIFICATION NUMBER
Classification number 519.237.8
082 ## - DEWEY DECIMAL CLASSIFICATION NUMBER
Cutter number S61
100 ## - MAIN ENTRY--PERSONAL NAME
Personal name SPATH, Helmuth
245 #0 - TITLE STATEMENT
Title Cluster dissection and analysis : theory FORTRAN programs, examples
260 ## - PUBLICATION, DISTRIBUTION, ETC.
Name of publisher, distributor, etc. Chichester , Ellis Horwood
260 ## - PUBLICATION, DISTRIBUTION, ETC.
Date of publication, distribution, etc. 1985
300 ## - PHYSICAL DESCRIPTION
Extent (Pages) 226 p.
650 ## - SUBJECT ADDED ENTRY--TOPICAL TERM
Topical term or geographic name entry element Statistics : Cluster analysis : FORTRAN : computer programm
942 ## - ADDED ENTRY ELEMENTS (KOHA)
Source of classification or shelving scheme Dewey Decimal Classification
942 ## - ADDED ENTRY ELEMENTS (KOHA)
Koha item type Lending Book
945 ## - LOCAL PROCESSING INFORMATION (OCLC)
creator borrowernumber 1
creator name Madushi Gamage
modifier borrowernumber 1
modifier name Madushi Gamage
Holdings
Withdrawn status Lost status Source of classification or shelving scheme Damaged status Not for loan Collection code Home library Current library Shelving location Date acquired Inventory number Total Checkouts Full call number Barcode Date last seen Price effective from Koha item type
Written-off (Transferred to the Statistic Department, UOC)   Dewey Decimal Classification     Lending Collection UCSC Library UCSC Library Lending Section 27/06/2024 1431   519.237.8 S61 A11431 27/06/2024 27/06/2024 Lending Book